| 000 | 00635cam a22002293a 4500 | ||
|---|---|---|---|
| 001 | 25199 | ||
| 003 | PGUSA | ||
| 005 | 20140828083537.0 | ||
| 008 | 080427s2008||||xxu|||||s|||||000 1 eng d | ||
| 040 |
_aPGUSA _beng |
||
| 042 | _adc | ||
| 050 | 4 | _aPQ | |
| 100 | 1 |
_aGaribaldi, Giuseppe, _d1807-1882 |
|
| 245 | 1 | 0 |
_aCantoni il volontario _h[electronic resource] / _cGiuseppe Garibaldi |
| 260 |
_bProject Gutenberg, _c2008 |
||
| 506 | _aPublic domain in the USA. | ||
| 516 | _aElectronic text | ||
| 653 | _aHistorical fiction | ||
| 830 | 0 |
_aProject Gutenberg _v25199 |
|
| 856 | 4 | 0 | _uhttp://www.gutenberg.org/ebooks/25199 |
| 942 | _cEB | ||
| 999 |
_c254454 _d254454 |
||